[Event "Tradewise Hastings Masters 15-16"]
[Site "Hastings, England"]
[Date "2015.12.31"]
[Round "4.26"]
[White "Snape, Ian L"]
[Black "Borland, Scott"]
[Result "1-0"]
[WhiteElo "2168"]
[BlackElo "1651"]
[PlyCount "51"]
[EventDate "2015.??.??"]

1. c4 c5 2. Nf3 Nc6 3. Nc3 g6 4. g3 Bg7 5. Bg2 e6 6. d4 cxd4 7. Nb5 d5 8. cxd5
Qa5+ 9. Qd2 Qxb5 10. dxc6 Qxc6 11. O-O Qb6 12. b3 Ne7 13. Ba3 Nd5 14. Rac1 Nc3
15. Rfe1 Bd7 16. e3 dxe3 17. Rxe3 Nb5 18. Bc5 Qa6 19. a4 Nc7 20. Bd6 Bc6 21.
Bxc7 Bh6 22. Bf4 Bxf4 23. gxf4 O-O 24. Rd3 Be4 25. Rd6 Bc6 26. Ne5 1-0

[Event "Tradewise Hastings Masters 15-16"]
[Site "Hastings, England"]
[Date "2015.12.31"]
[Round "4.27"]
[White "Gibbs, Daniel C"]
[Black "Burrows, Martin P"]
[Result "1/2-1/2"]
[WhiteElo "1796"]
[BlackElo "2145"]
[PlyCount "59"]
[EventDate "2015.??.??"]

1. d4 Nf6 2. c4 g6 3. Nc3 Bg7 4. e4 d6 5. h3 O-O 6. Nf3 e5 7. d5 a5 8. Bg5 Na6
9. g4 h6 10. Be3 Nc5 11. Nd2 Ne8 12. Nb3 b6 13. Nxc5 bxc5 14. Qd2 Kh7 15. O-O-O
f5 16. gxf5 gxf5 17. exf5 Bxf5 18. Bd3 Qd7 19. Bxf5+ Qxf5 20. Qc2 Qxc2+ 21.
Kxc2 Nf6 22. Rhg1 Nh5 23. Rg4 Rf3 24. Rdg1 Raf8 25. Ne4 Rxh3 26. b3 Rf7 27. Kb2
Rhf3 28. Rh4 R3f5 29. Ng5+ hxg5 30. Rxh5+ 1/2-1/2

[Event "Tradewise Hastings Masters 15-16"]
[Site "Hastings, England"]
[Date "2015.12.31"]
[Round "4.28"]
[White "Helbig, Paul D"]
[Black "Hand, Freddie"]
[Result "1-0"]
[WhiteElo "2122"]
[BlackElo "1878"]
[PlyCount "37"]
[EventDate "2015.??.??"]

1. e4 e5 2. f4 exf4 3. Nf3 Be7 4. Bc4 Nf6 5. e5 Ng4 6. O-O d5 7. exd6 Qxd6 8.
d4 O-O 9. Nc3 Qh6 10. Qe2 Bd6 11. Nb5 Nc6 12. Nxd6 Qxd6 13. Qe4 Ne3 14. Bxe3
fxe3 15. Ng5 g6 16. Rxf7 Rxf7 17. Nxf7 Qxd4 18. Qe8+ Kg7 19. Qh8# 1-0

[Event "Tradewise Hastings Masters 15-16"]
[Site "Hastings, England"]
[Date "2015.12.31"]
[Round "4.29"]
[White "Goater, Kevin P"]
[Black "Rayner, Francis"]
[Result "1-0"]
[WhiteElo "2141"]
[BlackElo "2106"]
[PlyCount "83"]
[EventDate "2015.??.??"]

1. d4 Nf6 2. Nf3 b5 3. Bf4 Bb7 4. e3 a6 5. h3 e6 6. Nbd2 Be7 7. Bd3 c5 8. dxc5
Bxc5 9. O-O d5 10. c3 Nbd7 11. Ne5 Nxe5 12. Bxe5 O-O 13. Qf3 Nd7 14. Bg3 f5 15.
Nb3 Qb6 16. Nxc5 Nxc5 17. Qe2 Qc6 18. f3 Rae8 19. Rad1 e5 20. Bc2 Kh8 21. Qd2
Qg6 22. Kh2 Qf6 23. Bf2 Rc8 24. Bg3 Rfd8 25. Bf2 Ne6 26. Qe1 f4 27. exf4 Nxf4
28. g3 Ne6 29. Bg1 Ng5 30. f4 exf4 31. gxf4 Ne4 32. Bxe4 dxe4 33. Bd4 Qh6 34.
Qg3 Rd7 35. Rg1 Rg8 36. f5 Bd5 37. Qe5 Qd6 38. Qxd6 Rxd6 39. Be5 Rd7 40. f6 Re8
41. Rxg7 Rxe5 42. Rxd7 1-0

[Event "Tradewise Hastings Masters 15-16"]
[Site "Hastings, England"]
[Date "2015.12.31"]
[Round "4.31"]
[White "Taylor, Adam C"]
[Black "Young, Mel J"]
[Result "1-0"]
[WhiteElo "2282"]
[BlackElo "1901"]
[PlyCount "35"]
[EventDate "2015.??.??"]

1. d4 c5 2. d5 Nf6 3. Nc3 g6 4. e4 d6 5. f4 Bg7 6. Bb5+ Nfd7 7. a4 O-O 8. Nf3
Na6 9. O-O Nc7 10. Bc4 Nf6 11. Qe1 e6 12. e5 dxe5 13. d6 Ncd5 14. fxe5 Ng4 15.
Nxd5 exd5 16. Bxd5 Be6 17. Bxe6 fxe6 18. Qe4 1-0

[Event "Tradewise Hastings Masters 15-16"]
[Site "Hastings, England"]
[Date "2015.12.31"]
[Round "4.32"]
[White "Roberts, Paul"]
[Black "Kearsley, Raymond J"]
[Result "1-0"]
[WhiteElo "2197"]
[BlackElo "1723"]
[PlyCount "59"]
[EventDate "2015.??.??"]

1. e4 c5 2. Nc3 Nc6 3. Nf3 g6 4. d4 cxd4 5. Nxd4 Bg7 6. Nde2 Nf6 7. g3 O-O 8.
Bg2 d6 9. O-O Bd7 10. h3 Rc8 11. Be3 b6 12. f4 Ne8 13. Rb1 Na5 14. Bd4 Nc4 15.
Bxg7 Nxg7 16. Qd3 f5 17. b3 fxe4 18. Nxe4 Na5 19. Kh2 Nc6 20. a3 Nf5 21. c4 Qc7
22. Ng5 Nd8 23. g4 Ng7 24. Nd4 h6 25. Qxg6 hxg5 26. Be4 Rf6 27. Qh7+ Kf7 28.
fxg5 d5+ 29. Kg2 Rf4 30. Bg6+ 1-0

[Event "Tradewise Hastings Masters 15-16"]
[Site "Hastings, England"]
[Date "2015.12.31"]
[Round "4.34"]
[White "Spanton, Tim R"]
[Black "Lochte, Thomas"]
[Result "1/2-1/2"]
[WhiteElo "1936"]
[BlackElo "2082"]
[PlyCount "53"]
[EventDate "2015.??.??"]

1. e4 e5 2. Nf3 Nc6 3. Bb5 a6 4. Bxc6 dxc6 5. Nc3 f6 6. d4 exd4 7. Qxd4 Qxd4 8.
Nxd4 Bd6 9. Be3 Ne7 10. O-O-O c5 11. Nde2 Be6 12. Bf4 O-O-O 13. Bxd6 cxd6 14.
Nf4 Bf7 15. Nfd5 Rhe8 16. Nxe7+ Rxe7 17. f3 b5 18. Nd5 Re5 19. Ne3 Kc7 20. Rd2
g6 21. Ng4 Re6 22. Nh6 Be8 23. h4 Bc6 24. Rhd1 Rd7 25. c3 Re5 26. Ng4 Re6 27.
Nh6 1/2-1/2

[Event "Tradewise Hastings Masters 15-16"]
[Site "Hastings, England"]
[Date "2015.12.31"]
[Round "4.35"]
[White "Wilson, Matthew R"]
[Black "Gaudeau, Valentin"]
[Result "0-1"]
[WhiteElo "1877"]
[BlackElo "2080"]
[PlyCount "75"]
[EventDate "2015.??.??"]

1. e4 c5 2. Nc3 Nc6 3. f4 g6 4. Nf3 Bg7 5. Bb5 Nd4 6. O-O a6 7. Bd3 d6 8. Nxd4
cxd4 9. Ne2 Nf6 10. c3 dxc3 11. bxc3 b5 12. Bc2 Bb7 13. d3 O-O 14. Kh1 Qc7 15.
Bd2 Nd7 16. f5 d5 17. exd5 Nb6 18. fxg6 hxg6 19. Rc1 Qd7 20. Rf3 Nxd5 21. Bb3
e6 22. Rh3 Ne7 23. Qe1 Nf5 24. d4 Qc6 25. Qf2 Rad8 26. Bc2 Rfe8 27. Nf4 Bf6 28.
Nd3 Kg7 29. Nc5 Qb6 30. Be4 Bd5 31. g4 Qc6 32. Qg2 Nh4 33. Rxh4 Bxh4 34. g5 e5
35. Qf3 exd4 36. Bxd5 Qxd5 37. Qxd5 Rxd5 38. Ne4 0-1

[Event "Tradewise Hastings Masters 15-16"]
[Site "Hastings, England"]
[Date "2015.12.31"]
[Round "4.36"]
[White "Evans, Helen I"]
[Black "Brown, Thomas"]
[Result "0-1"]
[WhiteElo "1577"]
[BlackElo "2066"]
[PlyCount "61"]
[EventDate "2015.??.??"]

1. e4 g6 2. Nc3 Bg7 3. f4 c6 4. Nf3 d5 5. d4 Bg4 6. Be3 Nh6 7. e5 O-O 8. Be2 f6
9. h3 Bxf3 10. Bxf3 e6 11. Qd2 Nf5 12. Bf2 fxe5 13. dxe5 Nh4 14. O-O-O Nxf3 15.
gxf3 Bh6 16. Ne2 Nd7 17. Rhg1 Nxe5 18. Qc3 Nd7 19. Kb1 c5 20. Rg4 Bg7 21. Qd2
Nb6 22. Qa5 Nc4 23. Qxd8 Rfxd8 24. c3 Rac8 25. h4 b5 26. a3 a5 27. Nc1 b4 28.
Nb3 bxc3 29. bxc3 Rb8 30. Ka2 a4 31. Bxc5 0-1

[Event "Tradewise Hastings Masters 15-16"]
[Site "Hastings, England"]
[Date "2015.12.31"]
[Round "4.37"]
[White "Waddington, Mike P"]
[Black "Oyama, Akito"]
[Result "1/2-1/2"]
[WhiteElo "2066"]
[BlackElo "2005"]
[PlyCount "97"]
[EventDate "2015.??.??"]

1. Nc3 c5 2. e4 Nc6 3. g3 g6 4. Bg2 Bg7 5. d3 e6 6. Be3 d6 7. Qd2 Nge7 8. Bh6
O-O 9. h4 f6 10. Bxg7 Kxg7 11. h5 g5 12. f4 h6 13. Nh3 g4 14. Nf2 f5 15. O-O-O
d5 16. exf5 exf5 17. Rde1 d4 18. Nb1 Nd5 19. Nd1 Ndb4 20. Na3 Nxa2+ 21. Kb1
Nab4 22. Re2 Re8 23. Rxe8 Qxe8 24. c3 dxc3 25. bxc3 Na6 26. Re1 Qf7 27. Nc4 Be6
28. Ne5 Nxe5 29. Rxe5 Rd8 30. Qe2 Rd6 31. Kc1 b5 32. Rxc5 Nxc5 33. Qe5+ Kh7 34.
Qxd6 Nd7 35. Bc6 Nf6 36. Bxb5 Nxh5 37. c4 Nxg3 38. c5 a6 39. Bxa6 Qd7 40. Qe5
Qc6 41. Bb7 Qxb7 42. Qxe6 Qc7 43. c6 Qxf4+ 44. Kc2 Qa4+ 45. Kb2 Qxd1 46. Qf7+
Kh8 47. Qf8+ Kh7 48. Qf7+ Kh8 49. Qf8+ 1/2-1/2

[Event "Tradewise Hastings Masters 15-16"]
[Site "Hastings, England"]
[Date "2015.12.31"]
[Round "4.38"]
[White "Ruane, Brendan J"]
[Black "Dennis, Nigel W"]
[Result "1-0"]
[WhiteElo "1794"]
[BlackElo "1820"]
[PlyCount "87"]
[EventDate "2015.??.??"]

1. e4 c5 2. Nc3 Nc6 3. Bb5 g6 4. Bxc6 bxc6 5. d3 Bg7 6. f4 d6 7. Nf3 Qc7 8. O-O
Nf6 9. Kh1 O-O 10. Qe1 Nd7 11. Qh4 e5 12. f5 Qd8 13. Qh3 Nf6 14. Bg5 Qe7 15.
Qh4 Bb7 16. Rae1 Rad8 17. Nd1 Bc8 18. g4 Bb7 19. Bxf6 Bxf6 20. g5 Bh8 21. Ne3
f6 22. fxg6 hxg6 23. Ng4 Bg7 24. gxf6 Bxf6 25. Nh6+ Kh7 26. Qh3 Kg7 27. Nf5+
gxf5 28. Rg1+ Kf7 29. Qh5+ Ke6 30. Qxf5+ Kf7 31. Ng5+ Ke8 32. Ne6 Bh4 33. Nxf8
Bxe1 34. Rg6 Bc8 35. Ne6 Qf7 36. Rf6 Bxe6 37. Rxe6+ Kf8 38. Rf6 Rd7 39. Kg2 Bh4
40. Rxf7+ Rxf7 41. Qc8+ Kg7 42. Qg4+ Kh8 43. Qxh4+ Rh7 44. Qd8+ 1-0

[Event "Tradewise Hastings Masters 15-16"]
[Site "Hastings, England"]
[Date "2015.12.31"]
[Round "4.39"]
[White "Norton, Craig"]
[Black "Brooke, John"]
[Result "1-0"]
[WhiteElo "2146"]
[BlackElo "1770"]
[PlyCount "43"]
[EventDate "2015.??.??"]

1. d4 Nf6 2. Nf3 g6 3. Nc3 Bg7 4. e4 d6 5. Be3 Bg4 6. Be2 O-O 7. h3 Bxf3 8.
Bxf3 c6 9. Qd2 Re8 10. O-O-O Na6 11. Be2 Nc7 12. g4 d5 13. e5 Nd7 14. f4 e6 15.
f5 b5 16. f6 b4 17. Na4 Bh8 18. h4 Nb5 19. h5 Qa5 20. hxg6 Qxa4 21. gxh7+ Kf8
22. Bh6+ 1-0

[Event "Tradewise Hastings Masters 15-16"]
[Site "Hastings, England"]
[Date "2015.12.31"]
[Round "4.40"]
[White "Stonehouse, Tom H"]
[Black "Dean, Michael J"]
[Result "1-0"]
[WhiteElo "1778"]
[BlackElo "1562"]
[PlyCount "65"]
[EventDate "2015.??.??"]

1. e4 e5 2. Nf3 Nc6 3. Bb5 a6 4. Ba4 Nf6 5. O-O b5 6. Bb3 Be7 7. Re1 O-O 8. c3
d6 9. h3 Bb7 10. d4 h6 11. Nbd2 Na5 12. Bc2 exd4 13. cxd4 c5 14. Nf1 cxd4 15.
Nxd4 d5 16. e5 Ne4 17. Nf5 Bc8 18. Nxe7+ Qxe7 19. Qxd5 Bb7 20. Qd3 Rad8 21. Qe3
Nc4 22. Qe2 Ng5 23. b3 Nb6 24. Ng3 Nd5 25. Nf5 Qe6 26. h4 Nc3 27. Qg4 Be4 28.
Bxe4 Ncxe4 29. hxg5 Nd6 30. Nxh6+ gxh6 31. Qxe6 fxe6 32. exd6 Rxd6 33. Ba3 1-0

[Event "Tradewise Hastings Masters 15-16"]
[Site "Hastings, England"]
[Date "2015.12.31"]
[Round "4.41"]
[White "Macrae, James S"]
[Black "O'Gorman, Brendan"]
[Result "1/2-1/2"]
[WhiteElo "1693"]
[BlackElo "1808"]
[PlyCount "54"]
[EventDate "2015.??.??"]

1. e4 c5 2. Nf3 g6 3. d4 cxd4 4. Nxd4 Nc6 5. c3 Nf6 6. Bd3 Bg7 7. Be3 O-O 8.
Nd2 d5 9. h3 Ne5 10. Be2 dxe4 11. Nxe4 Nd5 12. Bg5 h6 13. Bh4 b6 14. O-O Bb7
15. Bg3 Rc8 16. Qd2 f5 17. Ne6 Qd7 18. Nxf8 Rxf8 19. Bxe5 Bxe5 20. Ng3 Qd6 21.
Rad1 Nf4 22. Bc4+ Kh7 23. Qe3 Nxg2 24. Qd3 Nh4 25. Bd5 Qc7 26. Bxb7 Qxb7 27.
Qd5 Qc7 1/2-1/2